| 000 | 00749nam a2200229 a 4500 | ||
|---|---|---|---|
| 001 | 000006393 | ||
| 003 | OSt | ||
| 005 | 20240411201132.0 | ||
| 008 | 090828s1963 dr 000 0 spa d | ||
| 040 |
_aDO-SdBNP _bspa _cBNPHU |
||
| 082 | 4 |
_a345.072 _bA174a _222 |
|
| 100 | 1 |
_aAcevedo y Martínez, Ramón Pina _917777 |
|
| 245 | 1 | 0 |
_aAnteproyecto de ley sobre libertad provisional bajo fianza / _cRamón Pina Acevedo y Martínez. |
| 260 |
_aSanto Domingo : _bLa Nación, _c1963. |
||
| 300 |
_a31 p. ; _c22 cm. |
||
| 590 | _aInventariado, 2019/VM | ||
| 650 | 4 |
_aLibertad provisional _977140 |
|
| 650 | 0 |
_aDerecho penal _917405 |
|
| 651 |
_aRepública Dominicana _xLegislación _910538 |
||
| 910 | _aValidado. Control de calidad MFF | ||
| 942 |
_2ddc _cLBS1 |
||
| 999 |
_c6188 _d6188 |
||